00477nam a22001457a 4500003000400000082001800004100002100022245002100043260004200064300001000106546001200116942001300128999001900141952017100160OSt a595.7bTWE/AT aTweedie, Michael aAtlas of insects aLondonbWilliam Heinemann Ltd. c1974 a128p. aEnglish 2ddccREF c163447d163447 00102ddc40718REFaKAUCLVbKAUCLVcREFd2019-01-22l0o595.7 TWE/ATp906994r2019-01-22 00:00:00w2019-01-22yREFzBook transferred from CoH Library, Acc.No: 14095